<?xml version="1.0" encoding="UTF-8"?><?xml-stylesheet type="text/xsl" href="static/style.xsl"?><OAI-PMH xmlns="http://www.openarchives.org/OAI/2.0/" xmlns:xsi="http://www.w3.org/2001/XMLSchema-instance" xsi:schemaLocation="http://www.openarchives.org/OAI/2.0/ http://www.openarchives.org/OAI/2.0/OAI-PMH.xsd"><responseDate>2026-04-17T00:58:35Z</responseDate><request verb="GetRecord" identifier="oai:www.recercat.cat:10459.1/468021" metadataPrefix="marc">https://recercat.cat/oai/request</request><GetRecord><record><header><identifier>oai:recercat.cat:10459.1/468021</identifier><datestamp>2025-09-15T18:59:38Z</datestamp><setSpec>com_2072_3622</setSpec><setSpec>col_2072_479130</setSpec></header><metadata><record xmlns="http://www.loc.gov/MARC21/slim" xmlns:dcterms="http://purl.org/dc/terms/" xmlns:xsi="http://www.w3.org/2001/XMLSchema-instance" xmlns:doc="http://www.lyncode.com/xoai" xsi:schemaLocation="http://www.loc.gov/MARC21/slim http://www.loc.gov/standards/marcxml/schema/MARC21slim.xsd">
   <leader>00925njm 22002777a 4500</leader>
   <datafield ind2=" " ind1=" " tag="042">
      <subfield code="a">dc</subfield>
   </datafield>
   <datafield ind2=" " ind1=" " tag="720">
      <subfield code="a">Bottegal, Diego Nicolas</subfield>
      <subfield code="e">author</subfield>
   </datafield>
   <datafield ind2=" " ind1=" " tag="720">
      <subfield code="a">Álvarez Rodríguez, Javier</subfield>
      <subfield code="e">author</subfield>
   </datafield>
   <datafield ind2=" " ind1=" " tag="720">
      <subfield code="a">Latorre, Maria Angeles</subfield>
      <subfield code="e">author</subfield>
   </datafield>
   <datafield ind2=" " ind1=" " tag="720">
      <subfield code="a">Lobón, Sandra</subfield>
      <subfield code="e">author</subfield>
   </datafield>
   <datafield ind2=" " ind1=" " tag="260">
      <subfield code="c">2024</subfield>
   </datafield>
   <datafield ind2=" " ind1=" " tag="520">
      <subfield code="a">The objective of this study was to evaluate the impact of dietary carob pulp (Cp, Ceratonia siliqua L.) and vitamin E (Vit E) on the quality and shelf-life of light lamb meat stored for a maximum of 15 days under modified atmosphere packaging (MAP). Forty-eight lambs (half females and half entire males, 25.3 ± 0.3 kg of body weight and 83 ± 5.8 days old) were randomly selected and slaughtered after an experimental fattening period with a 2 × 2 factorial design: 0 vs. 20% Cp and 40 vs. 300 IU of Vit E/kg of diet for 41 days. The carcass traits, fatty acid (FA) profile, antioxidant content, colour, lipid oxidation, and microbial count in the meat were evaluated. Scarce interactions between Cp and Vit E were observed on most of the variables studied. The dietary inclusion of Cp did not affect carcass traits (p > 0.05) but produced minor changes in the content of branched FA and reduced the α-tocopherol content in the meat (p &lt; 0.05), while no impact was observed on discolouration or lipid oxidation (p > 0.05). High Vit E supplementation increased the yellowness of caudal fat and the α-tocopherol content, which limited discolouration and lipid oxidation (p &lt; 0.05). Furthermore, the High Vit E diet (without Cp) controlled the psychrotrophic bacterial count after 15 days of storage. At slaughter, males were heavier than females but had lower carcass dressing (p &lt; 0.05). The lambs’ sex had minor impacts on the quality and shelf-life of meat. This study demonstrated that there is no synergistic interaction between Cp and Vit E on lamb meat quality and shelf-life. Including 20% of Cp in lamb diets is feasible without impairing meat quality. Nevertheless, supplementation with 300 IU of Vit E/kg of feed is essential to extend the shelf-life of meat stored under MAP.</subfield>
   </datafield>
   <datafield tag="653" ind2=" " ind1=" ">
      <subfield code="a">Tocopherol</subfield>
   </datafield>
   <datafield tag="653" ind2=" " ind1=" ">
      <subfield code="a">Polyphenols</subfield>
   </datafield>
   <datafield tag="653" ind2=" " ind1=" ">
      <subfield code="a">Meat quality</subfield>
   </datafield>
   <datafield ind2="0" ind1="0" tag="245">
      <subfield code="a">Dietary Inclusion of Carob Pulp (Ceratonia siliqua L.) Does Not Replace the Antioxidant Effect of Vitamin E in Lambs’ Meat to Lengthen Shelf-Life</subfield>
   </datafield>
</record></metadata></record></GetRecord></OAI-PMH>